000 00764nam a2200217Ia 4500
003 GCL
008 140319s9999 xx 000 0 ara d
020 _a0067307977
040 _aGCL /
_cGCL
082 0 4 _a621.381954
_bس م
100 1 _aستاوفر، تود
245 1 0 _aالماكنتوش ترقية واصلاح /
_cستاوفر، تود
260 _aالقاهرة :
_bدار الفاروق للنشر والتوزيع ،
_c1999
300 _a919 ص ؛
_c24 سم
650 0 4 _aالحاسبات الالكترونية
650 0 4 _aالبرامج الالية
650 0 4 _aالماكينتوش
650 0 4 _aالحاسبات الالكترونية - برامج
650 0 4 _aالحاسبات الالكترونية - صيانة
942 _2ddc
_cBK
999 _c5402
_d5402